| 000 -LEADER |
| fixed length control field |
00482nam a2200157 a 4500 |
| 020 ## - INTERNATIONAL STANDARD BOOK NUMBER |
| ISBN |
9712200140 |
| 040 ## - CATALOGING SOURCE |
| Transcribing agency |
DNAL |
| 082 ## - DEWEY DECIMAL CLASSIFICATION NUMBER |
| Classification number |
630 IRR 1990 |
| 245 00 - TITLE STATEMENT |
| Title |
Training and technology transfer course performance objectives manual (TT1-01). |
| 260 ## - PUBLICATION, DISTRIBUTION, ETC. (IMPRINT) |
| Place of publication |
Manila, Philippines : |
| Name of publisher |
IRRI, |
| Year of publication |
1990. |
| 300 ## - PHYSICAL DESCRIPTION |
| Number of Pages |
287 p. : |
| Other physical details |
ill. ; |
| Dimensions |
28 cm. |
| 650 #0 - SUBJECT ADDED ENTRY--TOPICAL TERM |
| Topical Term |
Agricultural extension workers |
| 650 #0 - SUBJECT ADDED ENTRY--TOPICAL TERM |
| Topical Term |
Technology transfer |
| 710 2# - ADDED ENTRY--CORPORATE NAME |
| Corporate name or jurisdiction name as entry element |
International Rice Research Institute. |
| 942 ## - ADDED ENTRY ELEMENTS (KOHA) |
| Koha item type |
ADB |
| 952 ## - LOCATION AND ITEM INFORMATION (KOHA) |
| Withdrawn status [LOCAL, KOHA] |
0 |